Polarizácia indukcie magnetického poľa v okolí vonkajších elektrických vedení

Gespeichert in:
Bibliographische Detailangaben
1. Verfasser: Ďuriš, Martin (Verfasst von)
Weitere Verfasser: Bendík, Jozef (Betreuung Doktorarbeit)
Format: Manuskript Buch
Sprache:Slowakisch
Veröffentlicht: 2025
Schlagworte:
Online-Zugang:http://is.stuba.sk/zp/portal_zp.pl?podrobnosti=184545
Tags: Tag hinzufügen
Keine Tags, Fügen Sie das erste Tag hinzu!

MARC

LEADER 00000ntm a22000003a 4500
001 stuzp98958
003 SK-STU
005 20250614210548.8
007 ta
008 150427s2015----xo-----f-mn---000-0-slo-d
040 |a STU  |b slo 
041 0 |a slo 
100 1 |a Ďuriš, Martin  |u 032000  |4 aut  |U FEI Fakulta elektrotechniky a informatiky  |T FEI Ústav elektroenergetiky a aplikovanej elektrotechniky  |X 112165  |U E020  |Y 548  |7 112165 
242 0 1 |a Polarization of magnetic field induction under the overhead power lines  |y eng 
245 1 0 |a Polarizácia indukcie magnetického poľa v okolí vonkajších elektrických vedení 
260 |c 2025 
650 4 |a overhead power lines  |2 eng 
650 4 |a magnetic field polarization  |2 eng 
650 4 |a ellipse  |2 eng 
650 4 |a transient events  |2 eng 
650 4 |a vonkajšie vedenia  |2 slo 
650 4 |a elipsa  |2 slo 
650 4 |a polarizácia magnetického poľa  |2 slo 
650 4 |a prechodné deje  |2 slo 
700 1 |a Bendík, Jozef  |u 032000  |k Z1  |4 ths  |U FEI Fakulta elektrotechniky a informatiky  |T FEI Ústav elektroenergetiky a aplikovanej elektrotechniky  |X 6068  |U E020  |Y 548  |7 A000006068 
856 4 |u http://is.stuba.sk/zp/portal_zp.pl?podrobnosti=184545